[Event "NAYCC U14"]
[Site "Windsor CAN"]
[Date "2016.08.10"]
[Round "7.57"]
[White "Shlionsky, Aaron"]
[Black "Titus, Andrew"]
[Result "1/2-1/2"]
[WhiteElo "2204"]
[BlackElo "2143"]
[PlyCount "74"]
[EventDate "2016.08.07"]
[EventType "swiss"]
[EventRounds "9"]
[EventCountry "CAN"]

1. e4 c5 2. Nf3 d6 3. Bb5+ Nd7 4. d4 cxd4 5. Qxd4 a6 6. Bxd7+ Bxd7 7. O-O e5 8.
Qd3 Rc8 9. c4 b5 10. Na3 bxc4 11. Nxc4 Qc7 12. b3 Be6 13. Nfd2 Nf6 14. Ba3 d5
15. exd5 Nxd5 16. Bxf8 Kxf8 17. Rfe1 f6 18. g3 Nb4 19. Qc3 Nc6 20. Ne3 Nd4 21.
Qxc7 Rxc7 22. Kg2 Kf7 23. Ndc4 h5 24. Rac1 Rd7 25. h4 Rhd8 26. Nb6 Rb7 27. Na4
Bd7 28. Nc5 Bc6+ 29. Kf1 Rc7 30. a4 Rdc8 31. Nc4 Ra8 32. b4 Kg8 33. Nb6 Rd8 34.
Nc4 Bd7 35. Kg2 Bc6+ 36. Kf1 Bd7 37. Kg2 Bc6+ 1/2-1/2

[Event "NAYCC U14"]
[Site "Windsor CAN"]
[Date "2016.08.10"]
[Round "7.59"]
[White "Hua, Eugene"]
[Black "Cai, Jason"]
[Result "1-0"]
[WhiteElo "2140"]
[BlackElo "1997"]
[PlyCount "77"]
[EventDate "2016.08.07"]
[EventType "swiss"]
[EventRounds "9"]
[EventCountry "CAN"]

1. c4 c5 2. Nf3 Nc6 3. g3 g6 4. Bg2 Bg7 5. Nc3 e5 6. O-O Nge7 7. Ne1 O-O 8. Nc2
d6 9. a3 a5 10. Ne3 f5 11. Ned5 Be6 12. d3 h6 13. Rb1 Bf7 14. Nxe7+ Qxe7 15.
Nd5 Qd8 16. b4 cxb4 17. axb4 axb4 18. Nxb4 Rc8 19. Nd5 Rb8 20. Be3 Nd4 21. Rb4
Re8 22. Qd2 Kh7 23. Rfb1 Qa5 24. Bxd4 exd4 25. Nb6 Re7 26. Bd5 Bxd5 27. Nxd5
Re6 28. Qb2 Qd8 29. Rxb7 Rxb7 30. Qxb7 h5 31. Qf7 Qg8 32. Qc7 Kh6 33. Rb8 Re8
34. Rb7 Re6 35. Nf4 Rf6 36. h4 Qf8 37. Qd7 Qg8 38. Nd5 Rf8 39. Qe7 1-0

[Event "NAYCC U14"]
[Site "Windsor CAN"]
[Date "2016.08.10"]
[Round "7.60"]
[White "Nakada, Akira"]
[Black "Zhang, Henry"]
[Result "1-0"]
[WhiteElo "1904"]
[BlackElo "1957"]
[PlyCount "75"]
[EventDate "2016.08.07"]
[EventType "swiss"]
[EventRounds "9"]
[EventCountry "CAN"]

1. d4 Nf6 2. c4 g6 3. Nc3 d5 4. Bf4 Bg7 5. e3 O-O 6. Nf3 c5 7. dxc5 Na6 8. Be2
Nxc5 9. O-O Qb6 10. cxd5 Rd8 11. Bc4 Qxb2 12. Be5 Qb4 13. Qe2 Nfe4 14. Bxg7
Nxc3 15. Bxc3 Qxc3 16. Rac1 Qf6 17. h3 Bf5 18. Nd2 Ne4 19. Nxe4 Bxe4 20. Rfd1
Qe5 21. Rd4 Bf5 22. Rcd1 Rac8 23. f4 Qc7 24. e4 Bd7 25. e5 Ba4 26. R1d2 Qc5 27.
Kh2 b5 28. Bb3 Bxb3 29. axb3 Qc3 30. Qxb5 Rb8 31. Qa6 Rxb3 32. R2d3 Qc2 33.
Rxb3 Qxb3 34. Qxa7 h5 35. Qxe7 Rxd5 36. Rb4 Rxe5 37. Qd8+ Kg7 38. Rxb3 1-0

[Event "NAYCC U14"]
[Site "Windsor CAN"]
[Date "2016.08.10"]
[Round "7.61"]
[White "Pulfer, Luke"]
[Black "Ling, Evan"]
[Result "0-1"]
[WhiteElo "1868"]
[BlackElo "1776"]
[PlyCount "126"]
[EventDate "2016.08.07"]
[EventType "swiss"]
[EventRounds "9"]
[EventCountry "CAN"]

1. d4 f5 2. c4 Nf6 3. Nc3 d6 4. g3 g6 5. Bg2 Bg7 6. Nf3 O-O 7. O-O c6 8. Re1
Ne4 9. Qb3 Qb6 10. Qxb6 axb6 11. e3 Nxc3 12. bxc3 e5 13. Nd2 e4 14. Bb2 Be6 15.
Red1 c5 16. Bf1 Nd7 17. Nb1 Rfc8 18. Na3 Bf8 19. Rdc1 Ra4 20. d5 Bf7 21. Nb1
Rca8 22. a3 Bg7 23. Nd2 b5 24. Rcb1 Ne5 25. cxb5 c4 26. Be2 Bxd5 27. Bd1 R4a5
28. a4 Nd3 29. Ra3 Be6 30. Bc2 Nc5 31. Rba1 d5 32. Kf1 Bd7 33. Ke2 Bf8 34. h4
Nd3 35. R3a2 Bxb5 36. Ba3 Bxa3 37. Rxa3 Nc5 38. Nb1 Bxa4 39. Bxa4 Rxa4 40. Rxa4
Rxa4 41. Rxa4 Nxa4 42. Kd2 Kf7 43. Na3 Ke6 44. Nc2 Nc5 45. Nd4+ Ke5 46. Nc2 Nd3
47. Ke2 Nc1+ 48. Kd1 Nb3 49. Nb4 Na5 50. Kd2 Nc6 51. Nc2 Kd6 52. Kc1 Kc5 53.
Kd2 b5 54. Kd1 b4 55. cxb4+ Nxb4 56. Nd4 c3 57. Ne2 Kc4 58. Nf4 Nd3 59. Nxd3
exd3 60. h5 Kb3 61. hxg6 c2+ 62. Kc1 Kc3 63. gxh7 d2# 0-1

[Event "NAYCC U14"]
[Site "Windsor CAN"]
[Date "2016.08.10"]
[Round "7.62"]
[White "Wang, Ricky"]
[Black "Hawthorn, Charles"]
[Result "1/2-1/2"]
[WhiteElo "1807"]
[BlackElo "1666"]
[PlyCount "87"]
[EventDate "2016.08.07"]
[EventType "swiss"]
[EventRounds "9"]
[EventCountry "CAN"]

1. e4 c5 2. Nf3 Nc6 3. d4 cxd4 4. Nxd4 g6 5. c4 Bg7 6. Be3 d6 7. Nc3 Nf6 8. Be2
O-O 9. O-O Bd7 10. Qd2 Rc8 11. f3 Ne5 12. b3 a6 13. Rac1 Re8 14. Rfd1 Nc6 15.
a3 Nxd4 16. Bxd4 Be6 17. Qe3 Nd7 18. Bxg7 Kxg7 19. Na4 Qa5 20. Qc3+ Qxc3 21.
Rxc3 Rc7 22. f4 f6 23. Re3 Rb8 24. Nc3 Rbc8 25. Nd5 Bxd5 26. exd5 Kf7 27. g4 a5
28. Rb1 a4 29. Kg2 Nb6 30. Kg3 Rb8 31. b4 Nxc4 32. Rc3 Rbc8 33. Rbc1 b5 34.
Bxc4 Rxc4 35. Rxc4 bxc4 36. f5 gxf5 37. gxf5 c3 38. Rc2 Rc4 39. Kf3 Rd4 40.
Rxc3 Rxd5 41. Ke4 Rd2 42. Rh3 Kg7 43. Rg3+ Kf7 44. Rh3 1/2-1/2

[Event "NAYCC U14"]
[Site "Windsor CAN"]
[Date "2016.08.10"]
[Round "7.63"]
[White "Liu, Kevin"]
[Black "Liu, Daniel"]
[Result "0-1"]
[WhiteElo "1802"]
[BlackElo "1609"]
[PlyCount "60"]
[EventDate "2016.08.07"]
[EventType "swiss"]
[EventRounds "9"]
[EventCountry "CAN"]

1. d4 d5 2. c4 e6 3. Nc3 Nf6 4. Nf3 Be7 5. Bg5 O-O 6. e3 Nbd7 7. Bd3 b6 8. cxd5
Nxd5 9. Bxe7 Qxe7 10. Nxd5 exd5 11. Qc2 Nf6 12. O-O Bd7 13. Qxc7 Rfc8 14. Qf4
Qb4 15. Ne5 Be6 16. Rab1 Ne8 17. Bf5 Bxf5 18. Qxf5 Rc7 19. Rbc1 Nd6 20. Qb1 Nc4
21. Nxc4 dxc4 22. Rc3 b5 23. Rd1 Qa5 24. Qc2 Rd8 25. e4 f6 26. d5 Rd6 27. b3
cxb3 28. Rxc7 bxc2 29. Rxc2 Qa4 30. Rdc1 Qxe4 0-1

[Event "NAYCC U14"]
[Site "Windsor CAN"]
[Date "2016.08.10"]
[Round "7.64"]
[White "Liu, Lambert"]
[Black "Yaskolko, Maxim"]
[Result "1-0"]
[WhiteElo "1827"]
[BlackElo "2014"]
[PlyCount "145"]
[EventDate "2016.08.07"]
[EventType "swiss"]
[EventRounds "9"]
[EventCountry "CAN"]

1. e4 c5 2. Nf3 d6 3. d4 cxd4 4. Nxd4 Nf6 5. Nc3 g6 6. Be3 Bg7 7. f3 O-O 8. Qd2
Nc6 9. O-O-O d5 10. Kb1 Nxd4 11. e5 Nd7 12. Bxd4 Nxe5 13. Qe3 Nc6 14. Bxg7 Kxg7
15. Rxd5 Qc7 16. Bb5 Be6 17. Rc5 a6 18. Bxc6 bxc6 19. Qe5+ Qxe5 20. Rxe5 Rfd8
21. Kc1 Rd7 22. Rc5 Rc8 23. b3 f5 24. Rd1 Kf6 25. Rxd7 Bxd7 26. Ra5 Ra8 27. Na4
Ra7 28. Nc5 Bc8 29. b4 Ke5 30. Kd2 Kd6 31. Ke3 e5 32. Nd3 f4+ 33. Kd2 Re7 34.
Nc5 Ra7 35. c4 h6 36. Ne4+ Ke6 37. Nc5+ Kd6 38. Ne4+ Ke6 39. Ke2 Ra8 40. Kd3
Rb8 41. Kc3 Ra8 42. Nc5+ Kd6 43. Ne4+ Ke6 44. b5 cxb5 45. cxb5 Kd5 46. bxa6+
Kc6 47. a7 Kb6 48. Ra3 Ba6 49. Nc5 Bf1 50. Nd7+ Kc7 51. Nxe5 Bxg2 52. Nxg6 Bxf3
53. Nxf4 Kb7 54. Kd4 Bd1 55. Ke5 Rxa7 56. Rxa7+ Kxa7 57. Kf6 Ka6 58. Kg6 Ka5
59. Kxh6 Ka4 60. h4 Ka3 61. Kg5 Kxa2 62. Nd5 Kb3 63. Ne3 Be2 64. Ng4 Kc4 65. h5
Kd5 66. h6 Bd3 67. Kf6 Kd6 68. Ne5 Bh7 69. Kg7 Ke7 70. Kxh7 Kf8 71. Kg6 Kg8 72.
h7+ Kh8 73. Nf7# 1-0

[Event "NAYCC U14"]
[Site "Windsor CAN"]
[Date "2016.08.10"]
[Round "7.65"]
[White "Padmanabhan, Karthik"]
[Black "Chen, Jacob"]
[Result "1/2-1/2"]
[WhiteElo "1818"]
[BlackElo "2011"]
[PlyCount "62"]
[EventDate "2016.08.07"]
[EventType "swiss"]
[EventRounds "9"]
[EventCountry "CAN"]

1. e4 e5 2. Nf3 Nc6 3. Bc4 Bc5 4. c3 Nf6 5. d3 O-O 6. O-O d5 7. exd5 Nxd5 8.
Re1 Bg4 9. Nbd2 Be7 10. Nf1 Nb6 11. Bb3 Qd6 12. Ng3 Rad8 13. Bc2 f6 14. h3 Be6
15. Qe2 Bc8 16. Be3 Nd5 17. Rad1 f5 18. Bc1 Bf6 19. Nh5 Rde8 20. Nxf6+ Nxf6 21.
Bb3+ Kh8 22. Ba4 Nd7 23. b4 a6 24. Bb3 Nf6 25. a3 b5 26. Be3 Nd7 27. Ng5 Qg6
28. Nf3 Qd6 29. Ng5 Qg6 30. Nf3 Qd6 31. Qa2 h6 1/2-1/2

[Event "NAYCC U14"]
[Site "Windsor CAN"]
[Date "2016.08.10"]
[Round "7.66"]
[White "Gaisinsky, Adam"]
[Black "Liu, Aristo"]
[Result "0-1"]
[WhiteElo "1721"]
[BlackElo "1914"]
[PlyCount "84"]
[EventDate "2016.08.07"]
[EventType "swiss"]
[EventRounds "9"]
[EventCountry "CAN"]

1. e4 e5 2. Nf3 Nc6 3. Bb5 a6 4. Ba4 Nf6 5. O-O Be7 6. Re1 b5 7. Bb3 O-O 8. d3
d6 9. c3 Nb8 10. Nbd2 Nbd7 11. Nf1 h6 12. Ng3 Re8 13. d4 Bf8 14. Nf5 exd4 15.
cxd4 Nb6 16. Ng3 Bb7 17. Bc2 g6 18. Bf4 Bg7 19. h4 c5 20. dxc5 dxc5 21. Qxd8
Raxd8 22. Bc7 Nc4 23. Bxd8 Rxd8 24. b3 Na3 25. Rad1 Rc8 26. Bd3 c4 27. e5 Bxf3
28. gxf3 Nd7 29. Bxc4 Nxc4 30. bxc4 Nxe5 31. Kg2 bxc4 32. Re3 c3 33. Ne2 Nc4
34. Red3 c2 35. Re1 Nb2 36. Rd6 a5 37. Nc1 Nd1 38. f4 Bb2 39. Nd3 Rc3 40. Rd8+
Kg7 41. Nxb2 c1=Q 42. Nxd1 Rc2 {time} 0-1

[Event "NAYCC U14"]
[Site "Windsor CAN"]
[Date "2016.08.10"]
[Round "7.67"]
[White "Surya, Benito"]
[Black "Pan, David"]
[Result "1-0"]
[WhiteElo "1814"]
[BlackElo "1854"]
[PlyCount "129"]
[EventDate "2016.08.07"]
[EventType "swiss"]
[EventRounds "9"]
[EventCountry "CAN"]

1. e4 e5 2. Nf3 Nc6 3. Bb5 a6 4. Bxc6 dxc6 5. Nc3 f6 6. d4 exd4 7. Qxd4 Qxd4 8.
Nxd4 Bd6 9. O-O Bd7 10. Be3 O-O-O 11. Nde2 Ne7 12. h3 Ng6 13. Rad1 Rhe8 14. f3
h6 15. Na4 f5 16. Nb6+ Kb8 17. Nxd7+ Rxd7 18. Nc3 fxe4 19. Nxe4 Kc8 20. Rd2 Ne7
21. Rfd1 Nd5 22. Kf2 Rf7 23. Nxd6+ cxd6 24. Re2 Rfe7 25. Rde1 Kd7 26. Bd2 b5
27. Rxe7+ Rxe7 28. Rxe7+ Kxe7 29. f4 Ke6 30. Kf3 c5 31. g4 g6 32. f5+ gxf5 33.
gxf5+ Kxf5 34. Bxh6 Nb4 35. c3 Nd3 36. b3 d5 37. Be3 a5 38. h4 c4 39. bxc4 dxc4
40. a3 Ne5+ 41. Kg3 Ke4 42. Bb6 b4 43. cxb4 c3 44. Bd8 axb4 45. axb4 Nc4 46.
Bg5 c2 47. Bc1 Nd6 48. h5 Nf7 49. b5 Kd5 50. Kg4 Ke6 51. b6 Nd6 52. h6 Kf6 53.
Kf3 Kg6 54. Ke2 Nb7 55. Kd3 Nc5+ 56. Kxc2 Kh7 57. Kb1 Nb7 58. Kc2 Nc5 59. Kd1
Nb7 60. Ke2 Nc5 61. Be3 Nb7 62. Kd3 Nd6 63. Kc3 Nb7 64. Kb4 Kg6 65. Kb5 1-0

[Event "NAYCC U14"]
[Site "Windsor CAN"]
[Date "2016.08.10"]
[Round "7.68"]
[White "Baker, Vincent"]
[Black "Atanasov, David"]
[Result "1-0"]
[WhiteElo "1994"]
[BlackElo "1518"]
[PlyCount "61"]
[EventDate "2016.08.07"]
[EventType "swiss"]
[EventRounds "9"]
[EventCountry "CAN"]

1. e4 c5 2. Nf3 d6 3. d4 cxd4 4. Nxd4 Nf6 5. Nc3 a6 6. Bg5 e6 7. f4 Be7 8. Qf3
Nbd7 9. O-O-O Qc7 10. g4 Rb8 11. Bxf6 Nxf6 12. f5 e5 13. Nb3 b5 14. g5 Nd7 15.
Rg1 Qb6 16. Bh3 Bb7 17. f6 gxf6 18. Bxd7+ Kxd7 19. gxf6 Bf8 20. Rg3 Bh6+ 21.
Kb1 Bf4 22. Rg7 Rbf8 23. Nd5 Bxd5 24. Rxd5 Qe3 25. Qh5 Ke8 26. Qg4 Qb6 27. Nc5
Qd8 28. Rxd6 Qxd6 29. Qc8+ Qd8 30. Qc6+ Qd7 31. Qxd7# 1-0

[Event "NAYCC U14"]
[Site "Windsor CAN"]
[Date "2016.08.10"]
[Round "7.69"]
[White "Zhang, Zhehai"]
[Black "Liang, Hairan"]
[Result "0-1"]
[WhiteElo "1678"]
[BlackElo "2002"]
[PlyCount "124"]
[EventDate "2016.08.07"]
[EventType "swiss"]
[EventRounds "9"]
[EventCountry "CAN"]

1. e4 c5 2. Nf3 Nc6 3. d4 cxd4 4. Nxd4 g6 5. Nc3 Bg7 6. Be3 Nf6 7. Be2 O-O 8.
O-O d5 9. exd5 Nxd5 10. Nxd5 Qxd5 11. Bf3 Qa5 12. Nb3 Qc7 13. c3 Ne5 14. Bf4
Nxf3+ 15. Qxf3 e5 16. Bg3 Be6 17. Rfe1 f6 18. Qe3 Rfe8 19. f4 Bxb3 20. axb3
exf4 21. Bxf4 Rxe3 22. Bxc7 Rxe1+ 23. Rxe1 Kf7 24. Bd6 Re8 25. Rxe8 Kxe8 26.
Bc5 a6 27. Bd4 Kf7 28. Kf2 f5 29. Be3 Bf6 30. Ke2 g5 31. g3 h5 32. Kd3 Ke6 33.
Kc4 Kd6 34. Bc5+ Kc6 35. Be3 g4 36. Bf4 h4 37. Kd3 h3 38. Kc4 Be7 39. Kd4 Bd6
40. Bxd6 Kxd6 41. Ke3 Ke5 42. b4 Ke6 43. Kf4 Kf6 44. b3 Ke6 45. c4 Kf6 46. b5
axb5 47. cxb5 Ke6 48. b4 b6 49. Ke3 Ke5 50. Ke2 Kd4 51. Kf2 Kd3 52. Kf1 Ke3 53.
Kg1 Ke2 54. Kh1 Kd3 55. Kg1 Kc4 56. Kf2 Kxb5 57. Ke3 Kxb4 58. Kf4 Kc5 59. Kxf5
b5 60. Kxg4 b4 61. Kf3 b3 62. g4 b2 0-1

[Event "NAYCC U14"]
[Site "Windsor CAN"]
[Date "2016.08.10"]
[Round "7.70"]
[White "Chin, Jonathan"]
[Black "Feng, Richard"]
[Result "0-1"]
[WhiteElo "1985"]
[BlackElo "1679"]
[PlyCount "124"]
[EventDate "2016.08.07"]
[EventType "swiss"]
[EventRounds "9"]
[EventCountry "CAN"]

1. e4 c5 2. Nf3 d6 3. d4 cxd4 4. Nxd4 Nf6 5. Nc3 g6 6. Be3 Bg7 7. f3 O-O 8. Qd2
Nc6 9. Bc4 Bd7 10. O-O-O Na5 11. Bb3 Nxb3+ 12. Nxb3 b5 13. h4 a5 14. Nd5 Nxd5
15. exd5 a4 16. Nd4 a3 17. b3 Rc8 18. Bh6 Qc7 19. Bxg7 Kxg7 20. h5 Qc3 21. h6+
Kg8 22. Qxc3 Rxc3 23. Rhe1 Re8 24. Ne2 Rc7 25. Ng3 f5 26. Ne2 Rec8 27. Nd4 Kf7
28. Rd2 Rc5 29. Ne6 Bxe6 30. Rxe6 b4 31. Ree2 Rb8 32. Rd4 Rbb5 33. Red2 Kf6 34.
f4 Rc3 35. Re2 Rg3 36. Rc4 Rg4 37. Rc7 Rxd5 38. Rcxe7 Rxf4 39. Re1 Rh4 40. Rxh7
Kg5 41. Rhe7 Kxh6 42. R7e6 Kg5 43. R6e3 Rh2 44. R3e2 Rd4 45. Rg1 Kg4 46. Re3 g5
47. Re2 f4 48. Rf2 Kh4 49. Re2 g4 50. Re8 Kg3 51. Re2 d5 52. Kb1 Kh4 53. Re8
Rd2 54. g3+ fxg3 55. Rh8+ Kg5 56. Rg8+ Kf5 57. Rf1+ Rhf2 58. Rf8+ Kg6 59. R8xf2
Rxf2 60. Rg1 g2 61. Kc1 Rf1+ 62. Kd2 Rxg1 0-1

[Event "NAYCC U14"]
[Site "Windsor CAN"]
[Date "2016.08.10"]
[Round "7.71"]
[White "Bu, Kevin"]
[Black "Rama, Vikas"]
[Result "1-0"]
[WhiteElo "1948"]
[BlackElo "1627"]
[PlyCount "73"]
[EventDate "2016.08.07"]
[EventType "swiss"]
[EventRounds "9"]
[EventCountry "CAN"]

1. e4 c5 2. d3 Nc6 3. g3 g6 4. Bg2 Bg7 5. c3 d6 6. f4 e5 7. Nf3 Nge7 8. Na3 a6
9. O-O O-O 10. Be3 Kh8 11. Qd2 f5 12. Nc2 Be6 13. h3 exf4 14. gxf4 fxe4 15.
dxe4 b6 16. Rfd1 d5 17. Ng5 Bg8 18. exd5 Rc8 19. dxc6 h6 20. Qxd8 Rfxd8 21.
Rxd8 Rxd8 22. Ne4 Nxc6 23. Nf6 Bxf6 24. Bxc6 Rd6 25. Bf3 Kg7 26. Rd1 Rxd1+ 27.
Bxd1 Bxa2 28. Be2 Bd5 29. Bxa6 Kf7 30. Na3 Ke6 31. Nc4 Bxc4 32. Bxc4+ Kf5 33.
Bd3+ Ke6 34. Bxg6 Kd5 35. Bd3 c4 36. Bc2 b5 37. f5 1-0

[Event "NAYCC U14"]
[Site "Windsor CAN"]
[Date "2016.08.10"]
[Round "7.72"]
[White "Li, Eric M"]
[Black "Dill, James"]
[Result "0-1"]
[WhiteElo "1658"]
[BlackElo "1870"]
[PlyCount "90"]
[EventDate "2016.08.07"]
[EventType "swiss"]
[EventRounds "9"]
[EventCountry "CAN"]

1. d4 Nf6 2. Nf3 e6 3. Bf4 d5 4. e3 Be7 5. Bd3 O-O 6. g4 Nxg4 7. Rg1 f5 8. h3
Nf6 9. Bh6 Ne8 10. Nbd2 Kh8 11. Bf4 Nd7 12. Qe2 b6 13. Ng5 Bxg5 14. Bxg5 Nef6
15. O-O-O c5 16. c3 c4 17. Bb1 b5 18. f3 Qe8 19. e4 g6 20. exf5 exf5 21. Qh2
Qe6 22. Rde1 Qb6 23. Re7 Bb7 24. Rge1 Rfe8 25. R1e6 Qxe6 26. Rxe6 Rxe6 27. Bc2
Rae8 28. Bd1 Rc6 29. Kc2 Kg7 30. Nf1 h6 31. Bd2 Nf8 32. Qf4 g5 33. Qg3 Ng6 34.
Ne3 f4 35. Nf5+ Kh7 36. Qf2 Bc8 37. Nxh6 Kxh6 38. Qg2 Nh4 39. Qh1 Bf5+ 40. Kc1
Rce6 41. Qf1 Nh5 42. Qh1 Ng3 43. Qh2 Ne2+ 44. Bxe2 Rxe2 45. Qh1 Rg2 0-1

[Event "NAYCC U14"]
[Site "Windsor CAN"]
[Date "2016.08.10"]
[Round "7.73"]
[White "Yie, Kevin"]
[Black "Uthayakumar, Ronan"]
[Result "1/2-1/2"]
[WhiteElo "1760"]
[BlackElo "1541"]
[PlyCount "55"]
[EventDate "2016.08.07"]
[EventType "swiss"]
[EventRounds "9"]
[EventCountry "CAN"]

1. d4 Nf6 2. Nf3 d5 3. Bf4 Bf5 4. e3 h6 5. Be2 e6 6. h3 Be7 7. O-O O-O 8. c4
Nc6 9. Nc3 dxc4 10. Bxc4 Na5 11. Be2 c5 12. dxc5 Qxd1 13. Rfxd1 Bxc5 14. Rac1
Rac8 15. Bf1 Be7 16. Ne5 Nc6 17. g4 Bh7 18. Bg2 Nxe5 19. Bxe5 b6 20. Nb5 a6 21.
Nc3 a5 22. a3 Rfd8 23. Bb7 Rxd1+ 24. Rxd1 Rd8 25. Bc7 Rxd1+ 26. Nxd1 Bc5 27.
Nc3 Bc2 28. Bc6 1/2-1/2

[Event "NAYCC U14"]
[Site "Windsor CAN"]
[Date "2016.08.10"]
[Round "7.74"]
[White "Sivapathasundaram, Manojh"]
[Black "Tamayo, Santiago"]
[Result "1-0"]
[WhiteElo "1552"]
[BlackElo "1386"]
[PlyCount "59"]
[EventDate "2016.08.07"]
[EventType "swiss"]
[EventRounds "9"]
[EventCountry "CAN"]

1. d4 Nf6 2. c4 g6 3. f3 Bg7 4. e4 d6 5. Nc3 O-O 6. Be3 Nbd7 7. Qd2 c5 8. d5
Nb6 9. Bd3 e6 10. Nge2 exd5 11. cxd5 Qc7 12. O-O Nfd7 13. Nb5 Qb8 14. Bh6 Ne5
15. Bxg7 Kxg7 16. Bc2 a6 17. Na3 f6 18. f4 Nec4 19. Nxc4 Nxc4 20. Qc3 b5 21. b3
Nb6 22. f5 Bd7 23. fxg6 hxg6 24. Qg3 Be8 25. Nf4 Bf7 26. e5 dxe5 27. Nxg6 Rg8
28. Ne7+ Kf8 29. Nxg8 Bxg8 30. Rxf6+ 1-0

[Event "NAYCC U14"]
[Site "Windsor CAN"]
[Date "2016.08.10"]
[Round "7.75"]
[White "Harichandrabose, Vicknan"]
[Black "Le, Collin"]
[Result "0-1"]
[WhiteElo "1210"]
[BlackElo "1540"]
[PlyCount "108"]
[EventDate "2016.08.07"]
[EventType "swiss"]
[EventRounds "9"]
[EventCountry "CAN"]

1. e4 c5 2. c3 d5 3. exd5 Qxd5 4. d4 Nc6 5. Nf3 Nf6 6. h3 e6 7. Be3 cxd4 8.
cxd4 Be7 9. Bd3 O-O 10. O-O Nb4 11. Nc3 Qd8 12. Be2 b6 13. a3 Nbd5 14. Bc4 Bb7
15. Rc1 Rc8 16. Nxd5 Nxd5 17. Ba2 Bf6 18. Bb1 h6 19. Qd3 Re8 20. Ne5 Nxe3 21.
fxe3 Rxc1 22. Rxc1 Bxe5 23. dxe5 Qxd3 24. Bxd3 Rd8 25. Bb1 g5 26. Kh2 Rd2 27.
Rc2 Rd1 28. Rc7 Bxg2 29. Kxg2 Rxb1 30. Rxa7 Rxb2+ 31. Kf3 Rb5 32. Ke4 Kg7 33.
Ra4 Ra5 34. Rxa5 bxa5 35. Kf3 Kg6 36. Kg4 h5+ 37. Kf3 Kf5 38. e4+ Kxe5 39. Ke3
g4 40. h4 g3 41. Kf3 g2 42. Kxg2 Kxe4 43. Kg3 Ke3 44. Kg2 f5 45. Kf1 f4 46. Ke1
f3 47. Kf1 f2 48. a4 e5 49. Kg2 Ke2 50. Kh2 f1=Q 51. Kg3 Qf3+ 52. Kh2 Qg4 53.
Kh1 Kf2 54. Kh2 Qxh4# 0-1

[Event "NAYCC U14"]
[Site "Windsor CAN"]
[Date "2016.08.10"]
[Round "7.76"]
[White "Singireddy, Sathvik"]
[Black "Titus, Joshua"]
[Result "1-0"]
[WhiteElo "1530"]
[BlackElo "1155"]
[PlyCount "105"]
[EventDate "2016.08.07"]
[EventType "swiss"]
[EventRounds "9"]
[EventCountry "CAN"]

1. e4 c6 2. d4 d5 3. e5 Bf5 4. Nf3 e6 5. Bd3 Bg6 6. O-O c5 7. Bxg6 hxg6 8. c3
Nc6 9. a3 a5 10. Be3 c4 11. a4 Nge7 12. Na3 Na7 13. b3 Nf5 14. bxc4 Bxa3 15.
Rxa3 dxc4 16. Ra2 b5 17. axb5 Nxb5 18. Qa4 Qd7 19. Bd2 O-O 20. Rb1 Rfb8 21.
Rab2 Kh7 22. Rxb5 Rxb5 23. Qxb5 Qxb5 24. Rxb5 a4 25. g4 Ne7 26. Rb2 a3 27. Ra2
Nd5 28. Ne1 Nc7 29. Nc2 Nb5 30. Kf1 f6 31. Bc1 fxe5 32. dxe5 Rd8 33. Ne3 Ra8
34. Nxc4 Rd8 35. Ne3 Ra8 36. c4 Nc3 37. Rxa3 Rxa3 38. Bxa3 Kg8 39. Bd6 Kf7 40.
c5 Ne4 41. c6 Ke8 42. c7 Kd7 43. Nc4 Kc8 44. Nb6+ Kb7 45. c8=Q+ Kxb6 46. Qxe6
Nxd6 47. Qxd6+ Kb5 48. Qc7 Ka6 49. Qc5 Kb7 50. e6 Ka8 51. Qc7 g5 52. e7 g6 53.
e8=Q# 1-0

[Event "NAYCC U14"]
[Site "Windsor CAN"]
[Date "2016.08.10"]
[Round "7.77"]
[White "Guan, Zi Yu"]
[Black "Cui, Kevin"]
[Result "1-0"]
[WhiteElo "1513"]
[BlackElo "1204"]
[PlyCount "49"]
[EventDate "2016.08.07"]
[EventType "swiss"]
[EventRounds "9"]
[EventCountry "CAN"]

1. e4 c5 2. Nf3 d6 3. d4 cxd4 4. Nxd4 Nf6 5. Nc3 g6 6. Bc4 Bg7 7. f3 O-O 8. Be3
Nc6 9. Qd2 Bd7 10. O-O-O Rc8 11. Bb3 a6 12. g4 Ne5 13. h4 h5 14. gxh5 Nxh5 15.
Bh6 Nc4 16. Bxc4 Rxc4 17. Bxg7 Kxg7 18. Rdg1 b5 19. Nb3 a5 20. Rg5 b4 21. Rxh5
gxh5 22. Qg5+ Kh7 23. Qxh5+ Kg7 24. Rg1+ Kf6 25. Qg5+ 1-0

[Event "NAYCC U14"]
[Site "Windsor CAN"]
[Date "2016.08.10"]
[Round "7.78"]
[White "Mathews, Joshua"]
[Black "Gaur, Shivan"]
[Result "1-0"]
[WhiteElo "1446"]
[BlackElo "1294"]
[PlyCount "103"]
[EventDate "2016.08.07"]
[EventType "swiss"]
[EventRounds "9"]
[EventCountry "CAN"]

1. e4 c5 2. Nf3 g6 3. c3 Bg7 4. d4 cxd4 5. cxd4 d6 6. Bb5+ Bd7 7. Bxd7+ Nxd7 8.
O-O Ngf6 9. Qe2 O-O 10. Rd1 Qc7 11. e5 dxe5 12. dxe5 Ng4 13. e6 Nde5 14. exf7+
Nxf7 15. h3 Nf6 16. Nd4 Qe5 17. Qxe5 Nxe5 18. Bf4 Nc4 19. Ne6 Rfe8 20. Nxg7
Kxg7 21. b3 Nb6 22. Nc3 Rac8 23. Nb5 a6 24. Nc7 Rg8 25. Re1 Kf7 26. Ne6 Rge8
27. Rad1 Kg8 28. Nc7 Rf8 29. Rxe7 Nh5 30. Bh6 Rf7 31. Re8+ Rxe8 32. Nxe8 Rd7
33. Rxd7 Nxd7 34. g4 Nhf6 35. Nxf6+ Nxf6 36. a3 Kf7 37. Bc1 Ke6 38. Kf1 Ke5 39.
Bb2+ Ke6 40. Bxf6 Kxf6 41. Ke2 Ke5 42. Ke3 g5 43. b4 b5 44. f4+ gxf4+ 45. Kf3
h6 46. h4 Kf6 47. Kxf4 Kg6 48. Ke5 h5 49. gxh5+ Kxh5 50. Kd6 Kxh4 51. Kc6 Kg4
52. Kb6 1-0

[Event "NAYCC U14"]
[Site "Windsor CAN"]
[Date "2016.08.10"]
[Round "7.79"]
[White "Wilson, Kameron"]
[Black "Eirew, Milo"]
[Result "1-0"]
[WhiteElo "1439"]
[BlackElo "819"]
[PlyCount "81"]
[EventDate "2016.08.07"]
[EventType "swiss"]
[EventRounds "9"]
[EventCountry "CAN"]

1. c4 e5 2. g3 Nf6 3. Bg2 Nc6 4. Nc3 d6 5. e3 Be6 6. d3 d5 7. cxd5 Nxd5 8. Nxd5
Bxd5 9. e4 Be6 10. a3 Bc5 11. Ne2 Qd7 12. O-O Bh3 13. Qc2 Bb6 14. Be3 Bxg2 15.
Kxg2 Bxe3 16. fxe3 f6 17. Rad1 O-O-O 18. b4 h5 19. h3 g5 20. Nc3 Rhf8 21. b5
Ne7 22. d4 Qe6 23. d5 Qd6 24. a4 Qc5 25. Qd3 c6 26. Rc1 Qd6 27. bxc6 Nxc6 28.
Nb5 Qd7 29. Nxa7+ Kb8 30. Nxc6+ bxc6 31. Qb3+ Kc7 32. Rxc6+ Qxc6 33. dxc6 Rd2+
34. Rf2 Rdd8 35. Qb7+ Kd6 36. c7 Rc8 37. Rd2+ Ke7 38. Qb4+ Ke8 39. Rd8+ Rxd8
40. Qxf8+ Kxf8 41. cxd8=Q+ 1-0

[Event "NAYCC U14"]
[Site "Windsor CAN"]
[Date "2016.08.10"]
[Round "7.80"]
[White "Li, Yang"]
[Black "Hou, Frank"]
[Result "0-1"]
[WhiteElo "1119"]
[BlackElo "1295"]
[PlyCount "52"]
[EventDate "2016.08.07"]
[EventType "swiss"]
[EventRounds "9"]
[EventCountry "CAN"]

1. e4 c5 2. Nf3 e6 3. Nc3 Nf6 4. d4 cxd4 5. Nxd4 Nc6 6. Nxc6 bxc6 7. Bd3 Bc5 8.
O-O h6 9. Re1 Qb6 10. Rf1 Bd4 11. Qd2 O-O 12. Na4 Qb8 13. Rb1 Qe5 14. Qf4 Qa5
15. b3 Be5 16. Qd2 Qc7 17. g3 d5 18. exd5 exd5 19. Bb2 Bxb2 20. Nxb2 c5 21. c4
d4 22. Rfe1 Bb7 23. Kf1 Qc6 24. Ke2 Qf3+ 25. Kf1 Qg2+ 26. Ke2 Bf3# 0-1

[Event "NAYCC U14"]
[Site "Windsor CAN"]
[Date "2016.08.10"]
[Round "7.81"]
[White "Jeyakumar, Yathushan"]
[Black "Liu, Benjamin"]
[Result "1/2-1/2"]
[WhiteElo "1216"]
[BlackElo "982"]
[PlyCount "66"]
[EventDate "2016.08.07"]
[EventType "swiss"]
[EventRounds "9"]
[EventCountry "CAN"]

1. e4 c5 2. c3 d5 3. exd5 Nf6 4. c4 b5 5. Nc3 bxc4 6. Bxc4 Bb7 7. Nf3 Bxd5 8.
Bxd5 Nxd5 9. Qa4+ Nd7 10. Nxd5 e6 11. Nc3 Bd6 12. Ne4 Qb6 13. Nxd6+ Qxd6 14.
O-O O-O 15. b3 Rfd8 16. Bb2 f6 17. Qc4 Rac8 18. Rfe1 Re8 19. Re3 Re7 20. Qd3
Qb6 21. Nh4 c4 22. Qc3 Ne5 23. h3 Rec7 24. b4 Rb8 25. Qc2 Rbc8 26. Bxe5 fxe5
27. a3 Qd4 28. Qc3 Qxh4 29. Qxe5 Re7 30. Rc1 Rf8 31. f3 Rf4 32. Re4 Rxe4 33.
Qxe4 Qh6 1/2-1/2